00868cam a2200253u 450000100060000000300080000600500170001400800390003103500190007004000330008904100080012208200170013010000550014724500610020226000420026330000310030550400200033665000360035665000460039274000250043894200120046399900170047595201220049214158BD-RjUL20211208235600.0140205s1948 paua 001 0 eng a(BD-RjUL)14210 aDLCcCarPdDLCdBD-RjULbeng aeng a617.762bKRM1 aKrimsky, Emanuel,d1898- [from old catalog]94422404aThe management of binocular imbalance /cEmanuel Krimsky aPhiladelphia :bLea & Febiger,c1948. a464 p. :billus. ;c27 cm. aIncludes index. 0aEyexMusclesxAnomalies.944225 0aEyexAccommodation and refraction.9442260 aBinocular imbalance. 2ddccBK c14158d14158 00102ddc40718NFICaRUCLbRUCLcReadingd2014-02-05l0o617.762 KRM 1948r2014-02-05 00:00:00tC-2w2014-02-05yBK